00434 a2200157 4500003000500000005001700005040000900022082001200031100002500043245012100068260002700189300001200216538002200228650001600250651001000266Nust20251015112512.0 cNust a621.382 aSharif, Maj (TE-15) aDigitization of speech using delta modulationcMaj Sharif & Maj Tawfiq & Maj Daz & Capt Akhtar & Capt Gakuru (Kenya) aUET, LahorebMCSc1983 a68 ,p.; aT2 and Shelf No 3 aUG Projects aTE-15